Welcome to CU Library Online Public Access Catalogue (OPAC)

Be right: (Record no. 3866)

MARC details
000 -LEADER
fixed length control field 00392nam a22001457a 4500
005 - DATE AND TIME OF LATEST TRANSACTION
control field 20250214141046.0
008 - FIXED-LENGTH DATA ELEMENTS--GENERAL INFORMATION
fixed length control field 250214b |||||||| |||| 00| 0 eng d
020 ## - INTERNATIONAL STANDARD BOOK NUMBER
International Standard Book Number 9780896937789
050 ## - LIBRARY OF CONGRESS CALL NUMBER
Classification number BS 2665.3 WIE
Item number 1
100 ## - MAIN ENTRY--PERSONAL NAME
Personal name WIERSBE, W.Warren
245 ## - TITLE STATEMENT
Title Be right:
Remainder of title How to be right with God,Yourself and others
260 ## - PUBLICATION, DISTRIBUTION, ETC.
Place of publication, distribution, etc. COLORADO
Name of publisher, distributor, etc. Victor
Date of publication, distribution, etc. 2004c
300 ## - PHYSICAL DESCRIPTION
Extent 175p
942 ## - ADDED ENTRY ELEMENTS (KOHA)
Source of classification or shelving scheme Library of Congress Classification
Koha item type Books
Suppress in OPAC No
999 ## -
-- 3866
-- 3866
Holdings
Withdrawn status Lost status Source of classification or shelving scheme Damaged status Not for loan Collection Home library Current library Shelving location Date acquired Total checkouts Full call number Barcode Date last seen Copy number Price effective from Koha item type
    Library of Congress Classification     Non-fiction Graduate Library (Christ Temple) Graduate Library (Christ Temple) General stacks 02/14/2025   BS 2665.3 WIE GSCT00000510 02/14/2025 1 02/14/2025 Books
© 2023-2024 Copyright: Central University Libraries. All Rights Reserved | Created by: Mahone Tech Office